A Négypólus Kft. vagyoni, pénzügyi és jövedelmezőségi helyzetének értékelése több év beszámolója alapján

Bibliographic Details
Main Author: Fodor-Rácz Klaudia
Other Authors: Borzán Dr. Anita
Format: Project work
Kulcsszavak:Négypólus Kft.
Vagyoni, pénzügyi helyzet elemzés
Szakmai gyakorlat
Online Access:http://dolgozattar.uni-bge.hu/12038

MARC

LEADER 00000nnm a2200000 i 4500
001 dolg12038
005 20170517145810.0
008 170517suuuu hu o 000 hun d
040 |a BGE Dolgozattár Repozitórium  |b hun 
041 |a hu 
100 1 |a Fodor-Rácz Klaudia 
245 1 2 |a A Négypólus Kft. vagyoni, pénzügyi és jövedelmezőségi helyzetének értékelése több év beszámolója alapján  |c Fodor-Rácz Klaudia  |h [elektronikus dokumentum] 
516 |a Project_work 
695 |a Négypólus Kft. 
695 |a Vagyoni, pénzügyi helyzet elemzés 
695 |a Szakmai gyakorlat 
700 1 |a Borzán Dr. Anita  |e ths 
856 4 0 |u http://dolgozattar.uni-bge.hu/12038/1/Fodor_Racz_Klaudia_Szakdolgozat_2017.pdf  |z Dokumentum-elérés